=LDR 00000nam 2200000 4500 =001 INLIS000000000029769 =005 20210324024027 =035 ##$$a 0010-061300000029769 =008 210324###########################0#ind## =041 ##$$a ind =082 ##$$a F.Rom.K =090 ##$$a F.Rom.K, FAI s =100 ##$$a Faisal, Ram =245 1#$$a Sajadah terbang dan tiga cerita lainnya, /$c Ram Faisal =260 ##$$a mizan :$b Bandung,$c 1999 =300 ##$$a 39 hlm., : $b ilus., ; $c 27x 19 cm =650 #4$$a Fiksi Anak =850 ##$$a NBPNMAT =084 ##$$a F.Rom.K FAI s =990 ##$$a 164.164/Pro.2001 =990 ##$$a 23642364 =990 ##$$a 164.171/pro-2001 =990 ##$$a 164.164/Pro.2001